| Поле | Название | Значение |
| |
Тип записи |
a |
| |
Библиографический уровень |
m |
| 001 |
Контрольный номер |
RU/URAIT/588321 |
| 005 |
Дата корректировки |
20260429163607.6 |
| 008 |
Кодируемые данные |
260429s2026 RU y f j 000 0 rus u |
| 020 |
Индекс ISBN |
__ |
| a |
ISBN |
978-5-534-19582-8 |
| c |
Цена, тираж |
1139.00 |
| 040 |
Источник каталогиз. |
__ |
| a |
Служба первич. каталог. |
ИКО Юрайт |
| c |
Служба, преобразующая запись |
ИКО Юрайт |
| e |
Правила каталог. |
RCR |
| 041 |
Код языка издания |
__ |
| a |
Код языка текста |
rus |
| 044 |
Код страны публикации |
__ |
| a |
Код страны публикации |
RU |
| 080 |
Индекс УДК |
__ |
| a |
Индекс УДК |
33(075.8) |
| 084 |
Индекс другой классификации/Индекс ББК |
__ |
| 2 |
Источник индекса |
rubbk |
| a |
Индекс другой классификации/Индекс ББК |
65я73 |
| 100 |
Автор |
__ |
| a |
Автор |
Лихолетов В. В. |
| q |
Полное имя |
Лихолетов Валерий Владимирович |
| 245 |
Заглавие |
__ |
| a |
Заглавие |
Экономическая безопасность инновационной политики |
| b |
Продолж. заглавия |
учебник для вузов |
| c |
Ответственность |
В. В. Лихолетов. |
| 250 |
Сведения об издании |
__ |
| g |
|
пер. и доп |
| a |
Основные сведения об издании |
3-е изд. |
| 256 |
Характеристики компьютерного файла |
__ |
| a |
Характеристики компьютерного файла |
Электрон. дан. |
| 260 |
Выходные данные |
__ |
| a |
Место издания |
Москва |
| b |
Издательство |
Юрайт |
| c |
Дата издания |
2026 |
| 300 |
Физическое описание |
__ |
| a |
Объем |
196 с |
| 440 |
Серия |
__ |
| a |
Серия |
Высшее образование |
| 500 |
Примечания |
__ |
| a |
Примечание |
URL: https://urait.ru/bcode/588321 (дата обращения: 29.04.2026). |
| 520 |
Аннотация |
__ |
| a |
Аннотация |
В курсе освещаются проблемы инновационной экономики и обеспечения экономической безопасности инновационной политики страны на макро-, мезо-, микро- и наноуровнях. Уделено внимание вопросам формирования национальной инновационной системы и защиты интеллектуальной собственности. Обсуждаются проблемы управления инновационными процессами, вскрываются препятствия, мешающие становлению инновационной экономики предпринимательского типа в современной России. Используются результаты собственных исследований автора. Приведена необходимая для изучения литература. Соответствует актуальным требованиям федерального государственного образовательного стандарта высшего образования. Для студентов специальности 38.05.01 «Экономическая безопасность» всех форм обучения, изучающих дисциплину «Экономическая безопасность инновационной политики», также курс может быть полезен специалистам предприятий и организаций, занятых вопросами инновационного развития бизнеса и обеспечения его экономической безопасности. |
| 538 |
Прим. о системных особенностях |
__ |
| a |
Прим. о системных особенностях |
Режим доступа: Электронно-библиотечная система Юрайт, для авториз. пользователей |
| 653 |
Ключевые слова |
__ |
| a |
Ключевые слова |
Национальная и экономическая безопасность |
| 653 |
Ключевые слова |
__ |
| a |
Ключевые слова |
Государственное и муниципальное управление |
| 653 |
Ключевые слова |
__ |
| a |
Ключевые слова |
Стратегические аспекты экономической безопасности |
| 653 |
Ключевые слова |
__ |
| a |
Ключевые слова |
Экономическая безопасность инновационной политики |
| 653 |
Ключевые слова |
__ |
| a |
Ключевые слова |
Экономическая безопасность России |
| 653 |
Ключевые слова |
__ |
| a |
Ключевые слова |
Юридическое обеспечение экономической безопасности |
| 653 |
Ключевые слова |
__ |
| a |
Ключевые слова |
Экономическая безопасность бизнеса |
| 653 |
Ключевые слова |
__ |
| a |
Ключевые слова |
Экономическая безопасность Российской Федерации |
| 856 |
Электронный адрес документа |
40 |
| n |
Местонахождение сервера |
Юрайт |
| g |
|
Электронная книга |
| q |
Тип электронного формата |
html |
| h |
Имя пользователя |
ЮРАЙТ |
| v |
Часы доступа к ресурсу |
20271231 |
| 2 |
Способ доступа |
Показать документ |
| x |
Служебное примечание |
https://urait.ru/book/cover/25E8E47B-4CED-4F73-AFA8-1EC78A480DA6 |
| u |
URL |
https://urait.ru/bcode/588321 |
| 856 |
Электронный адрес документа |
48 |
| q |
Тип электронного формата |
cover |
| u |
URL |
https://urait.ru/book/cover/25E8E47B-4CED-4F73-AFA8-1EC78A480DA6 |
| 911 |
|
__ |
| u |
|
0030=https://urait.ru/bcode/588321 |
| 911 |
|
__ |
| u |
|
073a=9785534195828 |
| u |
|
073d=1139.00 |
| 911 |
|
__ |
| u |
|
106a=s |
| 911 |
|
__ |
| u |
|
900l= |
| 952 |
Тип литературы |
__ |
| i |
Дисциплина |
Стратегические аспекты экономической безопасности |
| 952 |
Тип литературы |
__ |
| i |
Дисциплина |
Экономическая безопасность инновационной политики |
| 952 |
Тип литературы |
__ |
| i |
Дисциплина |
Экономическая безопасность России |
| 952 |
Тип литературы |
__ |
| i |
Дисциплина |
Юридическое обеспечение экономической безопасности |
| 952 |
Тип литературы |
__ |
| i |
Дисциплина |
Экономическая безопасность бизнеса |
| 952 |
Тип литературы |
__ |
| i |
Дисциплина |
Экономическая безопасность Российской Федерации |